000 00843nam a22002177a 4500
003 JO-AjAnu
005 20251013112122.0
008 251012b jo ||||| |||| 00| 0 ara d
020 _a978-9923-46-128-0
022 _a6943/12/2024
040 _aANU
_cJO-AjAnu
041 _hARA
100 _aجرد، كريم عبد الزهرة
_eمؤلف
_966797
245 _aرياضة المعاقين
_c / كريم عبد الزهرة جرد، مهند نزار كراز السويدي
260 _aعمان :
_bدار الوفاق للنشر والتوزيع،
_c 2024
300 _a151 صفحة
500 _aيحتوي هذا الكتاب على صور توضيحية
650 _vالتربية البدنية للمعوقين
700 _aالسويدي، مهند نزار كراز
_eمؤلف مشارك
_966798
942 _2lcc
_cBK
_n0
999 _c34067
_d34067